000 01406cam a2200265 4500
001 ABS66836
008 030612n2003 000 0 eng u
035 _a(Sirsi) u122584
100 _aJackson, J.
245 _aControlling housing supply
260 _c2003
490 _aPlanning (for the Natural and Built Environment)
_v(1521) 30 May 2003, 14(1)
520 _aExamines the problems northwest England local authorities face in meeting the requirements of PPG3. Outlines the key objectives of PPG3 and suggests that in practice these can prevent planners from effectively managing housing land supply. For example, reallocating surplus employment land for housing can force councils to site new employment areas on greenfield land away from higher housing densities. Discusses the finalised RPG for northwest England which cuts the housing provision requirements in many non-metropolitan areas and highlights how several Lancashire districts have introduced 'embargoes' through supplementary planning guidance to address the problem of oversupply.
590 _aABS
650 _aPPG3
650 _aHOUSING SUPPLY
650 _aHOUSING LAND
650 _aREGIONAL PLANNING GUIDANCE
650 _aHOUSING DENSITY
650 _aNORTHWEST ENGLAND
650 _aHOUSING PROVISION
650 _aRPG4
690 _aENVIRONMENTAL AND LAND CONSULTANCY-PLANNING AND DEVELOPMENT
942 _n0
999 _c72845
_d72845